| 000 | 01190nam a2200313 i 4500 | ||
|---|---|---|---|
| 001 | 000039417 | ||
| 003 | DO-SdBNP | ||
| 005 | 20260213121329.0 | ||
| 007 | ta | ||
| 008 | 130626s1992 dr abc 000 0 spa d | ||
| 040 |
_aDO-SdBNP _bspa _cBNPHU _erda |
||
| 041 | _aspa | ||
| 082 | 4 |
_axxx _bxxx _222 |
|
| 245 | 0 | 0 |
_aHablan los empresarios / _ceditor, José Alfredo Guerrero ; ilustraciones, Ricardo Vega, Miguel Cepeda, Liza Tejeda |
| 264 | 1 |
_aSanto Domingo : _bAsociación Nacional de Jóvenes Empresarios, _c1992. |
|
| 300 |
_a252 páginas : _bilustraciones, mapas, retratos ; _c23 cm. |
||
| 336 |
_atexto _btxt _2rdacontent |
||
| 337 |
_2rdamedia _asin mediación _bn |
||
| 338 |
_2rdacarrier _avolumen _bnc |
||
| 500 | _aIncluiye referencias bibliográficas y notas al pie de las páginas | ||
| 590 | _aInventariado, 2023/BT | ||
| 700 | 1 |
_aGuerrero, José Alfredo, _eeditor _4ed. _952123 |
|
| 700 | 1 |
_aVega, Ricardo, _eilustrador _4il. _963146 |
|
| 700 | 1 |
_aCepeda, Miguel, _eilustrador _4il. _91255 |
|
| 700 | 1 |
_aTejeda, Liza, _eilustrador _4il. _983603 |
|
| 710 | 2 |
_aAsociación Nacional de Jóvenes Empresarios (República Dominicana) _918693 |
|
| 910 | _aBtavárez | ||
| 942 |
_2ddc _cLBS1 |
||
| 999 |
_c38907 _d38907 |
||